| 000 | 01702cam a2200373 a 4500 | ||
|---|---|---|---|
| 001 | 4909570 | ||
| 003 | ARRUPE | ||
| 005 | 20140326164209.0 | ||
| 008 | 941129s1995 nyu 001 0 eng d | ||
| 010 | _a 94073692 | ||
| 020 | _a0812090500 | ||
| 035 | _a(OCoLC)32513822 | ||
| 040 |
_aWaS _cWaS _dDLC |
||
| 041 | 0 |
_aeng _alat |
|
| 042 | _alccopycat | ||
| 050 | 0 | 0 |
_aPA2158 _b.P7 1995 |
| 082 | 0 | 0 |
_a478.2/421 _220 |
| 100 | 1 |
_aPrior, Richard E. _99459 |
|
| 245 | 1 | 0 |
_a501 Latin verbs fully conjugated in all the tenses in a new easy-to-learn format, alphabetically arranged / _cby Richard E. Prior, Joseph Wohlberg. |
| 246 | 3 | _aFive hundred one Latin verbs fully conjugated in all the tenses in a new easy-to-learn format, alphabetically arranged | |
| 246 | 3 | _aFive hundred and one Latin verbs fully conjugated in all the tenses in a new easy-to-learn format, alphabetically arranged | |
| 260 |
_aHauppauge, NY : _bBarron's Educational Series, _cc1995. |
||
| 300 |
_aix, 548 p. ; _c23 cm. |
||
| 500 | _aRev. ed. of: 201 Latin verbs fully conjugated in all the tenses, alphabetically arranged / Joseph Wohlberg. | ||
| 500 | _aIncludes indexes. | ||
| 650 | 0 |
_aLatin language _xVerb _xTables. _99460 |
|
| 700 | 1 |
_aWohlberg, Joseph. _99461 |
|
| 700 | 1 |
_aWohlberg, Joseph. _t201 Latin verbs fully conjugated in all the tenses alphabetically arranged. _99462 |
|
| 856 | 4 | 2 |
_3Publisher description _uhttp://www.loc.gov/catdir/enhancements/fy0630/94073692-d.html |
| 906 |
_a7 _bcbc _ccopycat _d2 _eopcn _f19 _gy-gencatlg |
||
| 942 |
_2lcc _cMONOGRAPH |
||
| 999 |
_c120289 _d120289 |
||